1124 1245 1445 1384 1204 1255 1202 1869 1468 1072 1392 1278 1743 1359 1287 1069 1795 1483 1669 1869 1445 1587 1390 1287 1395 1160 1283 1237 1443 1581 1398 1142 1965 1432 1492 1508 1424 1585 1550 1673 1231 1733 1272 1540 1566 1446 1771 1156 1214 1369 1889 1645 1972 1126 1101 1466 1633 1847 1168 1621 1507 1698 1656 1012 1441 1578 1258 1642 1452 1751 1566 1887 1415 1103 1120 1317 1791 1906 1869 1317 1301 1639 1117 1790 1047 1122 1758 1813 1743 1757 1641 1491 1089 1879 1316 1267 1090 1176 1186 BCNSPRNW ULIB Ver.6.0+V

เปลี่ยนเป็นภาษาไทย

Change to English
 แสดงรายละเอียดบรรณานุกรม
  กลับหน้าหลัก

Brief Record : Get Marc (ISO 2709) : E-mail record : QR code < ปิดหน้าต่าง
LEADER : 00000nam 2200000uu 4500
001    13399120147
003     ULIB
008    110116s2555||||th 000 0 tha d
020    9742943206
020    9789742943202
060 04 QS4^bค64ก
245 00 กายวิภาคศาสตร์ /^cคณาจารย์เครือข่ายการศึกษาพยาบาลและการสาธารณสุขภาคใต้ (SC-Net)
250    พิมพ์ครั้งที่ 6
260    นนทบุรี :^bโครงการสวัสดิการวิชาการ สถาบันพระบรมราชชนก,^c2555
300    443 หน้า :^bภาพประกอบ ;^c27 ซม.
650  7 กายวิภาคศาสตร์
700 0  คณาจารย์เครือข่ายการศึกษาพยาบาลและการสาธารณสุขภาคใต้ (SC-Net)
710 2  สถาบันพระบรมราชชนก. ^bโครงการสวัสดิการวิชาการ
945    ^p250^l0^i032701
945    ^p250^l0^i032702
999 ^a ใช้งานได้ทุกระบบ
รายการนี้ยังไม่มีแท็ก
คุณยังไม่ได้ล็อกอิน คุณสามารถมีกิจกรรมร่วมกับเว็บไซต์ได้ แต่ต้องล็อกอินก่อน ::
  ล็อกอิน

รายการสื่อสารสนเทศ

ลำดับที่ ประเภท เลขเรียก/บาร์โค้ด สถานที่ สถานะ
1. วิทยาศาสตร์การแพทย์ และสุขภาพ
วิทยาศาสตร์การแพทย์ และสุขภาพ
QS4 ค64ก ฉ.2 
  Barcode: 032702
ห้องสมุดวิทยาเขตสวรรค์ประชารักษ์
►ส่วนจัดเก็บหนังสือเก่า สปร
บนชั้น
  ขอยืม

รายการใกล้เคียง
    หัวเรื่อง [กายวิภาคศาสตร์]

BibComment


ยังไม่เคยถูกคอมเมนท์

คอมเมนท์ทรัพยากรรายการนี้
  คอมเมนท์: กายวิภาคศาสตร์ ค..


 Copyright 2026. Bcnsprnw @Library